British capitalism and Caribbean slavery : the legacy of Eric Williams /

Bibliographic Details
Other Authors: Solow, Barbara L. (Barbara Lewis), Engerman, Stanley L.
Format: Book
Language:English
Published: Cambridge [Cambridgeshire] ; New York : Cambridge University Press, 1987.
Series:Studies in interdisciplinary history.
Subjects:

MARC

Tag First Indicator Second Indicator Subfields
LEADER 00000cam a2200000 a 4500
001 in00000025104
005 20151007055726.0
008 861201s1987 enk b 10000 eng
010 |a  86031771  
020 |a 0521334780 
035 |a (OCoLC)15018951 
035 |9 AAB9081AM 
040 |a DLC  |c DLC  |d TXA  |d UtOrBLW 
043 |a e-uk---  |a nw----- 
049 |a TXAM  |c [A11667545] 
050 0 0 |a HT1092  |b .B75 1987 
082 0 |a 306/.362/09729  |2 19 
245 0 0 |a British capitalism and Caribbean slavery :  |b the legacy of Eric Williams /  |c [edited by] Barbara L. Solow, Stanley L. Engerman. 
264 1 |a Cambridge [Cambridgeshire] ;  |a New York :  |b Cambridge University Press,  |c 1987. 
300 |a x, 345 pages ;  |c 24 cm. 
336 |a text  |b txt  |2 rdacontent 
337 |a unmediated  |b n  |2 rdamedia 
338 |a volume  |b nc  |2 rdacarrier 
490 1 |a Studies in interdisciplinary history 
500 |a Papers originally presented at the Rockefeller Study and Conference Center at Bellagio, Italy, May 21-25, 1984. 
504 |a Includes bibliographical references. 
650 0 |a Slave trade  |z West Indies, British  |x History  |x Congresses. 
650 0 |a Slave trade  |z Great Britain  |x History  |x Congresses. 
651 0 |a Great Britain  |x Economic conditions  |y 1760-1860  |x Congresses. 
600 1 0 |a Williams, Eric Eustace,  |d 1911-1981  |x Congresses. 
700 1 |a Solow, Barbara L.  |q (Barbara Lewis) 
700 1 |a Engerman, Stanley L. 
830 0 |a Studies in interdisciplinary history. 
999 |a MARS 
999 f f |s be81e823-aa74-3c19-9904-5c4df2720e66  |i d1e2323b-5161-32a0-bba7-44878d7294eb  |t 0 
952 f f |p normal  |a Texas A&M University  |b College Station  |c Sterling C. Evans Library  |d Evans: Library Stacks  |t 0  |e HT1092 .B75 1987  |h Library of Congress classification  |i unmediated -- volume  |m A14811667545 
998 f f |a HT1092 .B75 1987  |t 0  |l Evans: Library Stacks